| 000 | 01194cam a22002294a 4500 | ||
|---|---|---|---|
| 005 | 20260115124350.0 | ||
| 008 | 250528s ||||||||||||||||||||||||d | ||
| 035 | _a14599 | ||
| 020 | _a393973646 | ||
| 040 |
_aGR-AtMCL _bgre _dGR-AtMCL _eAACR2 |
||
| 245 | 1 | _aPsychology / Fifth Edition | |
| 250 | _a5th | ||
| 260 |
_bW.W. Norton & Company, _c1998 |
||
| 300 | _a1022 | ||
| 520 | _aIntroduction, Action, Biological Bases of Behavior, Motivation, Learning, Cognition, Sensory Processes, Perception, Memory, Thought and Knowledge, Language, Social Behavior, The Biological Basis of Social Behavior, Social Cognition and Emotion, Sοcial Interaction, Development, Physical and Cognitive Development, Social Development, Individual Differences, Intelligence: Its Nature and Measurement, Personality I: Assessment and Trait Theory and the Behavioral-Cognitive Approach, Personality II: Psychodynamic and Humanistic and Sociocultural Approaches, Methods of Scientific Research, Statistics: The Organization and Interpretation of Data. | ||
| 700 | 1 |
_aFridlund Alan J _9323 |
|
| 700 | 1 |
_aGleitman Henry _9301 |
|
| 700 | 1 |
_aReisberg, Daniel _9324 |
|
| 942 | _cBK | ||
| 999 |
_c223 _d223 |
||